| 000 | 00545nam a22001817a 4500 | ||
|---|---|---|---|
| 020 | _qHard Cover. | ||
| 082 | _a621.3 | ||
| 100 | _aMuhammad Annus | ||
| 245 |
_aEasy Grocery / _cMuhammad Annus |
||
| 260 |
_aIslamabad : _bSEECS - NUST, _c2018. |
||
| 300 |
_aVar. : ill. ; _c30cm. |
||
| 563 | _aa | ||
| 650 |
_aElectrical Engineering-Project Report. _930780 |
||
| 700 |
_aM. Muneeb Ullah. _930943 |
||
| 856 | _uhttp://10.250.8.41:8080/xmlui/handle/123456789/19585 | ||
| 942 |
_2ddc _cPR |
||
| 999 |
_c536013 _d536013 |
||